SamGlobal Environmental Resources : The Ozone Problem.

Bibliographic Details
Format: eBook
Language:English
Published: Frankfurt a.M. : Peter Lang GmbH, Internationaler Verlag der Wissenschaften, 1982.
Edition:1st ed.
Series:Allokation Im Marktwirtschaftlichen System Series
Subjects:
Online Access:Click to View
LEADER 01810nam a22003733i 4500
001 EBC30686122
003 MiAaPQ
005 20231204023231.0
006 m o d |
007 cr cnu||||||||
008 231204s1982 xx o ||||0 eng d
020 |a 9783631755716  |q (electronic bk.) 
020 |z 9783820459999 
035 |a (MiAaPQ)EBC30686122 
035 |a (Au-PeEL)EBL30686122 
035 |a (OCoLC)1149165832 
040 |a MiAaPQ  |b eng  |e rda  |e pn  |c MiAaPQ  |d MiAaPQ 
245 1 0 |a SamGlobal Environmental Resources :  |b The Ozone Problem. 
250 |a 1st ed. 
264 1 |a Frankfurt a.M. :  |b Peter Lang GmbH, Internationaler Verlag der Wissenschaften,  |c 1982. 
264 4 |c ©1983. 
300 |a 1 online resource (106 pages) 
336 |a text  |b txt  |2 rdacontent 
337 |a computer  |b c  |2 rdamedia 
338 |a online resource  |b cr  |2 rdacarrier 
490 1 |a Allokation Im Marktwirtschaftlichen System Series ;  |v v.2 
505 0 |a Cover -- Preface -- Thomas N. Gladwin, Judith L. Ugelow, Ingo Walter: Approaches to International Negotiations on the Chlorofluorcarbon Problem -- Rüdiger Pethig: Reciprocal Transfrontier Pollution. 
588 |a Description based on publisher supplied metadata and other sources. 
590 |a Electronic reproduction. Ann Arbor, Michigan : ProQuest Ebook Central, 2023. Available via World Wide Web. Access may be limited to ProQuest Ebook Central affiliated libraries.  
655 4 |a Electronic books. 
776 0 8 |i Print version:  |t SamGlobal Environmental Resources  |d Frankfurt a.M. : Peter Lang GmbH, Internationaler Verlag der Wissenschaften,c1982  |z 9783820459999 
797 2 |a ProQuest (Firm) 
830 0 |a Allokation Im Marktwirtschaftlichen System Series 
856 4 0 |u https://ebookcentral.proquest.com/lib/matrademy/detail.action?docID=30686122  |z Click to View